00404pab a2200145 454500008004000000100001800040245007200058260000900130300001300139362001200152650002600164650002500190650001700215773002600232180718b2005 xxu||||| |||| 00| 0 eng d aAhmad, Nafees aRe-orientation of legal system in India: a human rights prospective c2005 ap.39-47. aJul-Sep aLegal systems - India aHuman rights - India aHuman rights aIndian Police Journal